01149nam a2200289Ia 4500001001200000003000800012006001900020007001500039008004100054020002500095020002200120040002100142035002100163050002700184082001700211100002000228245011100248260003500359300002200394504005100416533015200467600002700619650004100646655002900687710001700716856012600733ebr10424570CaPaEBRm u cr cn|||||||||100119s2010 enka sb 001 0beng d z9781848854307 (hbk.) z1848854307 (hbk.) aCaPaEBRcCaPaEBR a(OCoLC)67165608714aPN2598.L48bA68 2010eb04a792.70922221 aAnthony, Barry.14aThe king's jesterh[electronic resource] :bthe life of Dan Leno, Victorian comic genius /cBarry Anthony. aLondon :bI. B. Tauris,c2010. ax, 219 p. :bill. aIncludes bibliographical references and index. aElectronic reproduction.bPalo Alto, Calif. :cebrary,d2010.nAvailable via World Wide Web.nAccess may be limited to ebrary affiliated libraries.10aLeno, Dan,d1860-1904. 0aComedianszGreat BritainvBiography. 7aElectronic books.2local2 aebrary, Inc.40uhttp://site.ebrary.com/lib/rucke/Doc?id=10424570zAn electronic book accessible through the World Wide Web; click to view